| 000 | 00610nam a2200205Ia 4500 | ||
|---|---|---|---|
| 001 | 15123 | ||
| 003 | GE_BSU | ||
| 008 | 181216s||||||||xx |||||||||||||| ||und|| | ||
| 040 | _cGE_BSU | ||
| 080 | _a519.85 | ||
| 100 | _aВирт,Н | ||
| 245 | _aПрограммирование на языке модула 2 | ||
| 245 | _cПер,с английского В,А, Серебрякова,и В,И, Ходукина | ||
| 260 | _aМосква | ||
| 260 | _bМир | ||
| 260 | _c1987 | ||
| 300 | _a222стр,21см | ||
| 653 | _aПрограммирование на языке модула 2 | ||
| 942 | _cBK | ||
| 999 |
_c48239 _d48239 |
||